Southville International School and Colleges
Your cart is empty.
  • Cart
  • Lists
    Public lists Eva Luna New books Lux_list list_1
    Your lists Log in to create your own lists
  • Log in to your account
  • Your cookies
  • Search history
Southville International School and Colleges
  • Advanced search
  • Recent comments
  • Most popular
  • Libraries

Log in to your account

Log in with GOOGLE


If you do not have an external account, but do have a local account, you can still log in:

  1. Home
  2. MARC view: Physics for the IB diploma : exam preparation guide
Normal view MARC view ISBD view

Physics for the IB diploma : exam preparation guide (Record no. 365256)

[ view plain ]
MARC details
000 -LEADER
fixed length control field 00680nam a22002057a 4500
003 - CONTROL NUMBER IDENTIFIER
control field 0
005 - DATE AND TIME OF LATEST TRANSACTION
control field 20231107124443.0
008 - FIXED-LENGTH DATA ELEMENTS--GENERAL INFORMATION
fixed length control field 230906b xxu||||| |||| 00| 0 eng d
020 ## - INTERNATIONAL STANDARD BOOK NUMBER
International Standard Book Number 978-1-107-49575-3
050 ## - LIBRARY OF CONGRESS CALL NUMBER
Classification number TR IB QC 21.3
Item number .T877 2016
100 ## - MAIN ENTRY--PERSONAL NAME
Personal name Tsokos, K.A
245 ## - TITLE STATEMENT
Title Physics for the IB diploma : exam preparation guide
Statement of responsibility, etc K.A. Tsokos
250 ## - EDITION STATEMENT
Edition statement Second edition
260 ## - PUBLICATION, DISTRIBUTION, ETC. (IMPRINT)
Place of publication, distribution, etc Cambridge, United Kingdom
Name of publisher, distributor, etc Cambridge University Press
Date of publication, distribution, etc c2016.
300 ## - PHYSICAL DESCRIPTION
Extent viii, 270 pages :
Other physical details col. ill. ;
Dimensions 28 cm.
500 ## - GENERAL NOTE
General note Physics--exam preparation.
504 ## - BIBLIOGRAPHY, ETC. NOTE
Bibliography, etc Includes bibliographical references and index.
690 ## - LOCAL SUBJECT ADDED ENTRY--TOPICAL TERM (OCLC, RLIN)
Topical term or geographic name as entry element Physics--exam preparation.
942 ## - ADDED ENTRY ELEMENTS (KOHA)
Source of classification or shelving scheme Library of Congress Classification
Koha item type Books
Holdings
Withdrawn status Lost status Source of classification or shelving scheme Damaged status Home library Current library Shelving location Date acquired Source of acquisition Total Checkouts Full call number Barcode Date last seen Price effective from Koha item type
    Library of Congress Classification   Luxembourg Library Luxembourg Library Teachers Reference Section 09/06/2023 Library Fund   TR IB QC 21.3 .T877 2016 21026 09/06/2023 09/06/2023 Books

Physics for the IB diploma : exam preparation guide

APA

Tsokos K., . (2016). Physics for the IB diploma : exam preparation guide. Cambridge, United Kingdom: Cambridge University Press.

Chicago

Tsokos K.A, . 2016. Physics for the IB diploma : exam preparation guide. Cambridge, United Kingdom: Cambridge University Press.

Harvard

Tsokos K., . (2016). Physics for the IB diploma : exam preparation guide. Cambridge, United Kingdom: Cambridge University Press.

MLA

Tsokos K.A, . Physics for the IB diploma : exam preparation guide. Cambridge, United Kingdom: Cambridge University Press. 2016.

  • Place hold
  • Print
  • Cite
  • Add to your cart (remove)
  • Save record
    BIBTEX Dublin Core MARCXML MARC (non-Unicode/MARC-8) MARC (Unicode/UTF-8) MARC (Unicode/UTF-8, Standard) MODS (XML) RIS
  • More searches
    Search for this title in:
    Other Libraries (WorldCat) Other Databases (Google Scholar) Online Stores (Bookfinder.com) Open Library (openlibrary.org)

Exporting to Dublin Core...

SOUTHVILLE LIBRARY

Southville International School and Colleges Library

1281 Tropical Ave. Cor. Luxembourg St., BF Homes International, Las Pinas City

Tel. No. 8256374 / 252358 Loc. 117/146

Powered by Koha